[Event "Paracin GM"]
[Site "Paracin"]
[Date "2018.07.19"]
[Round "8"]
[White "Atalik, Suat"]
[Black "Yilmazyerli, Mert"]
[Result "1-0"]
[WhiteElo "2509"]
[BlackElo "2491"]
[Annotator "Atalik,S"]
[PlyCount "81"]
[EventDate "2018.07.14"]
[EventType "tourn"]
[EventRounds "9"]
[EventCountry "SRB"]
[EventCategory "8"]
[SourceTitle "CBM 186"]
[Source "ChessBase"]
[SourceDate "2018.09.14"]
[SourceVersion "1"]
[SourceVersionDate "2018.09.14"]
[SourceQuality "1"]

1. d4 e6 2. Nf3 c5 3. c4 cxd4 4. Nxd4 Nf6 5. Nc3 a6 6. g3 $6 Qc7 7. Qd3 b6 $5 (
7... Nc6 8. Nxc6 dxc6 $1 (8... Qxc6 9. Rg1 $5 {always appealed to me.}) 9. Bg2
e5 10. O-O Be6 11. b3 Rd8 12. Qe3 $5) 8. Bg2 Bb7 9. Bf4 {First played by
Bulgarian IM Andonov but I myself had a share of it back in 1995.} d6 (9... e5
$2 10. Bxe5 d6 11. Bxf6 Bxg2 12. Rg1 $18) 10. Bxb7 Qxb7 11. Nf3 (11. Qf3 Qxf3 (
11... Ra7) 12. Nxf3 Nbd7 13. Rd1 Rc8 $11) 11... Nc6 $8 ({White does not lose a
piece due to} 11... e5 $2 12. Bg5 e4 13. Qe3) 12. O-O (12. Ne4 $5) 12... Be7
13. Rfd1 $146 (13. Bg5 {Atalik,S-Ionescu,Co,Bucharest 1995.}) (13. Ne4 $5 Nxe4
14. Qxe4 Na5 15. Qxb7 Nxb7 $14) 13... O-O 14. Ne4 (14. Ng5 Ne5) 14... d5 $5 {
Draw offer.} (14... Nxe4 15. Qxe4 Na5 $14 (15... Rfd8 16. Bg5 Ra7 $14) (15...
Rad8 16. Bg5 Rfe8 $14)) 15. Nxf6+ Bxf6 16. cxd5 Nb4 17. Qe4 Nxd5 18. Be5 $5 ({
I gavethe idea of getting the bishop on some practical basis:} 18. Ng5 Bxg5 19.
Bxg5 Rac8 20. Rac1 b5 $11) 18... Bxe5 (18... Be7 $142 {is my choice.}) 19. Nxe5
(19. Ng5 $2 Rfe8 $1) 19... Rac8 20. Rac1 Rc7 $6 (20... Rxc1 21. Rxc1 Rc8 {
is more direct.} 22. Rc4 $5) 21. Nd3 Rfc8 22. Rxc7 Qxc7 23. Qd4 $1 h6 (23...
Qc4 $4 24. Rc1) 24. Rc1 Qb7 25. Rxc8+ (25. Rc4 $5) 25... Qxc8 26. e4 Nf6 27. f3
$1 {White has to be very careful since very few pieces are left.} (27. Ne5 $6
Qc1+ 28. Kg2 Qc2 $11 {immediately equalses.}) 27... Qc7 28. Ne5 Kh7 $5 (28...
Qc1+ 29. Kg2 Qc2+ 30. Kh3 Qe2 (30... Qc7) 31. Qd8+ Kh7 32. Nxf7 Qf1+ 33. Kh4
Kg6 $1 $11 {is a hole in my calculations.} (33... g5+ $2 34. Nxg5+ hxg5+ 35.
Kxg5 $18 {I had thought that I would have won with this king march} Ng8 36.
Qd7+ Kh8 37. Kg6)) 29. Qc3 $5 {I am not happy with my choice now.} Qxc3 30.
bxc3 {The structure and the material which is left bears an incredible
resemblance to my game with Manush Shah from Novi Sad Close GM Tournament!} Kg8
31. Kf2 Kf8 32. Ke3 Ke7 33. Kd4 Nd7 34. Nd3 Kd6 35. e5+ Kc6 36. a4 $5 (36. c4
b5 $11) 36... Nc5 $1 {I always question this reduction to a king and pawns
endgame since the road becomes too nsrrow and any mistake is crucial.} (36...
a5 37. Kc4 (37. c4 Nc5 38. Nxc5 bxc5+ 39. Ke4 Kd7 40. Kf4 Ke7 41. Kg4 f6 42. f4
g6 $11) 37... Nc5 (37... f5 $5) (37... h5 38. f4 f5 $5 {resembles what Manush
did in the other game.}) 38. Nxc5 bxc5 $11) 37. Nxc5 bxc5+ 38. Kc4 Kb6 $6 {
Very risky.} (38... a5 $1 {seals the queenside although not entirely but White
will have difficulties to break kingside} 39. h3 (39. h4 g6 40. g4 Kb6 41. Kd3
Kc6 42. Ke4 Kd7 $11) 39... g6 $1 {especially after this little move.} 40. h4
Kb6 41. Kd3 Kc6 42. Ke4 Kd7 43. Kf4 Ke7 44. Kg4 Kf8 45. h5 Kg7 46. f4 Kf8 (
46... gxh5+ $4 47. Kxh5) 47. Kh4 Kg7 48. g4 Kg8 49. g5 Kg7 $11) 39. f4 $1 (39.
a5+ $2 Kxa5 40. Kxc5 Ka4 41. f4 Kb3 42. Kd6 a5 43. Ke7 a4 44. Kxf7 a3 45. f5 a2
46. fxe6 a1=Q 47. e7 Qa7 (47... Qf1+ 48. Kg8 Qb5 49. Kf8 Qc5 50. g4 $3 $11) 48.
Kf8 Qc5 49. g4 $3 $11 {controlling the f5-square White makes a draw.} (49. Kf7
Qd5+ 50. Kf8 Qf3+ 51. Kg8 Qh5 52. Kf8 Qf5+ $19)) 39... Ka5 $4 (39... g6 $1 40.
g4 Ka5 41. Kxc5 Kxa4 42. Kd6 Kb3 43. Ke7 a5 44. Kxf7 a4 45. f5 gxf5 46. gxf5
exf5 47. e6 a3 48. e7 a2 49. e8=Q a1=Q $11) (39... a5 $11) (39... Kc6 $2 40. a5
$18) 40. Kxc5 Kxa4 41. Kd6 (41. Kd6 Kb3 42. Ke7 a5 43. Kxf7 a4 44. f5 exf5 45.
e6 a3 46. e7 a2 47. e8=Q a1=Q 48. Qb5+ Kc2 49. Qxf5+ $18 {and White wins both
pawns on the king's wing.}) 1-0

[Event "Burgas Black Sea"]
[Site "Burgas"]
[Date "2012.09.14"]
[Round "3"]
[White "Atalik, Suat"]
[Black "Nisipeanu, Liviu Dieter"]
[Result "0-1"]
[WhiteElo "2603"]
[BlackElo "2648"]
[Annotator "Atalik,S"]
[PlyCount "54"]
[EventDate "2012.09.12"]
[EventType "tourn"]
[EventRounds "10"]
[EventCountry "BUL"]
[EventCategory "18"]
[SourceTitle "CBM 151"]
[Source "ChessBase"]
[SourceDate "2012.11.13"]
[SourceVersion "1"]
[SourceVersionDate "2012.11.13"]
[SourceQuality "1"]

1. d4 Nf6 2. c4 e6 3. g3 $5 c5 4. Nf3 {This time I decided on this one.} cxd4
5. Nxd4 a6 (5... Qc7 6. Nc3 (6. Bg2 Qxc4 7. Nc3 a6 {transposes again.} (7...
Bb4 8. O-O O-O (8... Bxc3 $6 9. bxc3 Nd5 10. Nf5 $1 {is a cool motif.}) 9. Bg5
Nc6 10. Bxf6 gxf6 11. e3 Bxc3 12. bxc3 $44)) 6... a6 {is just a transposition.}
(6... Bb4 $6 7. Qd3 Nc6 8. Ndb5 Qb8 9. Bf4 Ne5 10. Qd4 d6 11. Nxd6+ Bxd6 12.
O-O-O $16) (6... Qxc4 7. e4 {looks very dangerous for Black.} Qb4 8. Ndb5 Na6
9. Bg2 d5 10. exd5 Nxd5 11. Bxd5 exd5 12. Qxd5 Be7 13. a3 Qg4 14. O-O O-O 15.
Re1 $16 {is terribly dangerous for Black with all these white pieces developed.
})) 6. Bg2 Qc7 7. O-O ({I could have defended my pawn with} 7. b3 Bb4+ (7... h5
$5) 8. Bd2 Bc5 9. Nc2 $13) (7. Nc3 Qxc4 8. Be3 {is what the Greek Papaiannou
did with Kramnik.} Nc6 9. Rc1 Qb4 10. O-O Ng4 11. Na4 Nxe3 12. fxe3 $44) 7...
Qxc4 8. Nc3 Nc6 (8... Qc7 9. e4 (9. Be3 $5 {makes more sense here.}) 9... d6
10. Be3 Be7 11. Rc1 Qd8 12. f4 O-O 13. g4 (13. e5 dxe5 (13... Ne8 14. Qb3 Nd7 (
14... dxe5 15. fxe5 Qa5 16. Nd5) 15. Nxe6 fxe6 16. Qxe6+ Rf7 17. Qb3 $1) 14.
fxe5 Nfd7 15. Na4 $5 (15. Rxf7 Rxf7 16. Nxe6 Qa5 17. Nd5 Nc6 18. Nec7 Ndxe5 19.
Nxa8 Bg4 20. Nxe7+ Nxe7 21. Qb3 Nf3+ 22. Bxf3 Bxf3 $11) 15... Nxe5 16. Rxc8
Qxc8 17. Nb6 Qc5 18. Nxa8 Rd8 19. Kh1 $16) 13... Nc6 14. g5 Nd7 15. Nde2 $44 {
is what Alex did.}) 9. Nxc6 (9. Nb3 d5 10. Bf4 Be7 11. a3 a5 12. Rc1 Qa6 13. a4
O-O 14. Nb5 Qb6 15. Bc7 Qa6 16. Nc5 Bxc5 17. Rxc5 Ne8 18. Bf4 Bd7 19. e4 Qb6 (
19... Nb4 20. exd5 exd5 21. Bxd5 Nxd5 22. Rxd5 Bc6 23. Rf5 $13) 20. Be3 $5 (20.
Qc1 Nb4) 20... d4 21. Bxd4 Nxd4 22. Qxd4 Bxb5 23. axb5 Rd8 24. Qc3 Rd3 25. Qxd3
Qxc5 26. Rd1 $16) (9. Be3 Ng4 10. Na4 Nxe3 11. fxe3 Qb4 $1 {and where is the
compensation?}) 9... bxc6 10. e4 $6 {Killing his own bishop.} (10. Bf4 d5 11.
Rc1 Qb4 12. a3 Qb7 13. Na4 Qb5 14. Nc3 $11 {is the draw we both knew. I just
wanted to continue.}) 10... e5 $1 {This kills the scope of Bg2.} 11. Be3 Be7
12. f4 d6 (12... Bc5 13. Bxc5 (13. fxe5 $5 Bxe3+ 14. Kh1 Ng8 15. Qf3 Bh6 16.
Nd5 cxd5 17. Qxf7+ Kd8 18. Qf8+ Kc7 19. Rf3 $1 g6 20. Qd6+ Kd8 21. exd5 Ne7 22.
Qf6 Rf8 23. Qxf8+ Bxf8 24. Rxf8+ Kc7 25. d6+ Kb6 26. dxe7 Bb7 27. Bxb7 Kxb7 28.
Rxa8 Qe4+ $11) 13... Qxc5+ 14. Kh1) 13. f5 Rb8 (13... d5 $6 14. Rc1 d4 15. Nd5
Nxd5 16. Rxc4 Nxe3 17. Qb3 Nxc4 18. Qxc4 $16) 14. Rc1 $5 {I was terribly
annoyed about the d5 thrust.} (14. Rf2 d5 15. Rc1 Qb4 (15... d4 16. Nd5 cxd5
17. Rxc4 dxc4 18. Bg5) 16. a3 Qb3 17. exd5 Qxd1+ 18. Nxd1 cxd5 $17) 14... Rxb2
15. Rf2 $1 Rxf2 16. Bxf2 Qb4 (16... O-O 17. a3 $1 {traps the queen.}) 17. g4 h5
$1 (17... O-O 18. g5 Nd7 19. h4 $44) 18. gxh5 (18. h3 hxg4 19. hxg4 $44) (18.
g5 $2 Ng4 19. Nd5 Nxf2 20. Kxf2 cxd5 21. Rxc8+ Bd8 22. Qxd5 O-O $19) 18... Nxh5
19. Nd5 cxd5 20. Rxc8+ Bd8 21. Qxd5 $1 (21. Bh4 $2 Nf6 22. Bxf6 gxf6 23. Qxd5
Qe1+ $19) (21. exd5 Nf4 22. Bf1 Nh3+ 23. Bxh3 Rxh3 $19) 21... Nf4 (21... O-O
22. Qa8 Be7 23. Rxf8+ Bxf8 24. Qxa6 Qb1+ 25. Qf1 Qxa2 26. Bf3 Nf6 (26... Nf4
27. Be3 $44) 27. Qd3 $15) 22. Rxd8+ $4 {I simply thought that he had blundered
and with 7 minutes on my clock I simply chekmated myself.} (22. Qc6+ Ke7 23.
Qc2 (23. Bf1 Qb1 24. Rc7+ (24. Be3 Qd1 25. Bxf4 Qd4+ 26. Kh1 exf4 $17) 24...
Kf6) 23... Qb7 24. Bf1 $44) (22. Qb3 $1 Qxb3 (22... Qd2 23. Rxd8+ $1 Kxd8 24.
Qb8+ Kd7 25. Qb7+ Ke8 26. Qc8+ Ke7 27. Qxh8 $11 (27. Bh4+ f6) 27... Qd1+ 28.
Bf1 Ne2+ 29. Kg2 Nf4+ $11) 23. axb3 Kd7 24. Ra8 a5 25. Ra7+ Bc7 26. Bb6 Rc8 27.
Bxa5 Kc6 28. b4 $132 {was still resilient.}) 22... Kxd8 23. Qa8+ Kc7 24. Qxh8 {
After this Black mates.} Qb1+ (24... Nxg2 25. Qxg7 Nf4 26. Qxf7+ Kc6 27. Qe8+
Kc7 28. Qe7+ $11) (24... Ne2+ $2 25. Kf1 Qc4 26. Bb6+ Kxb6 27. Qb8+ Ka5 28.
Qd8+ Ka4 29. Qd7+ $11) 25. Bf1 Ne2+ 26. Kg2 Qxe4+ 27. Kh3 Qxf5+ (27... Qxf5+
28. Kg2 Qe4+ 29. Kh3 Qf3+ $19) 0-1

[Event "Olympiad-37"]
[Site "Turin"]
[Date "2006.06.03"]
[Round "12"]
[White "Atalik, Suat"]
[Black "Vallejo Pons, Francisco"]
[Result "1/2-1/2"]
[WhiteElo "2632"]
[BlackElo "2666"]
[Annotator "Atalik,S"]
[PlyCount "30"]
[EventDate "2006.05.21"]
[EventType "team-swiss"]
[EventRounds "13"]
[EventCountry "ITA"]
[SourceTitle "CBM 113"]
[Source "ChessBase"]
[SourceDate "2006.07.31"]
[SourceVersion "1"]
[SourceVersionDate "2006.07.31"]
[SourceQuality "1"]
[WhiteTeam "Turkey"]
[BlackTeam "Spain"]
[WhiteTeamCountry "TUR"]
[BlackTeamCountry "ESP"]

1. d4 e6 2. Nf3 c5 3. c4 cxd4 4. Nxd4 Nf6 5. Nc3 a6 $5 {An invitation for a
Paulsen.} 6. Bg5 $5 {This looked like the most natural possibility.} (6. g3 Qc7
7. Qd3 Nc6 8. Nxc6 dxc6 $11 (8... Qxc6 9. Rg1)) (6. e4 $5 $13 {I know one
thing or two in this line.}) 6... b6 7. e4 Bb7 8. e5 h6 9. Bd2 (9. Bh4 g5 10.
Bg3 Ne4 11. Nxe4 Bxe4 12. a3 $16) 9... Nh7 $2 {Too optimistic!} (9... Ne4 10.
Nxe4 Bxe4 11. Qg4 Bb7 $13) 10. Qg4 d6 11. O-O-O dxe5 12. Nxe6 fxe6 13. Qxe6+ $6
{I had to take his queen.} (13. Qg6+ Ke7 14. Bg5+ hxg5 (14... Nxg5 15. Rxd8
Kxd8 16. h4 Nh7) 15. Rxd8 Kxd8 16. Qxe6 Nd7 17. Nd5 Nhf6 $132) (13. Qh5+ Ke7
14. Bg5+ (14. Ne4 Nc6 15. Bg5+ hxg5 16. Rxd8 Rxd8 17. Nxg5 g6 18. Qh3 Nxg5 19.
Qxh8 Kf7 $132) 14... Nxg5 15. Rxd8 Kxd8 16. h4 Nh7 17. Qxe5 Nf6 18. Qxe6 Nbd7
$14 {and black consolidates.}) 13... Qe7 (13... Be7 $2 14. Qg6+ (14. Be3) 14...
Kf8 15. Bxh6 $18) 14. Qxb6 Nf6 15. Bd3 Kf7 {He offered a draw and I have
happily accepted since a piece is a piece!} (15... Kf7 16. Rde1 (16. Rhe1 Bxg2
(16... Qb4 $2 {This was his intention.However I have calculated well.} 17. Nb5
$1 Qe7 18. Nd6+ Qxd6 19. Qxb7+ Be7 20. Qxa8 Qxd3 21. Rxe5 Qxc4+ 22. Bc3 $40)
17. Qe3 (17. Rg1 Nbd7) 17... Nbd7 18. Qg3 Bc6 19. Bf5 Kg8 $17) 16... Bxg2 (
16... Bc6 17. Qb3 Qb7 18. Qc2 Nbd7 19. Bg6+ Kg8 20. f3 Bd6 $17) 17. Rhg1 Nbd7
18. Qe3 Bc6 19. Bg6+ Kg8 20. f4 e4 $17) 1/2-1/2

[Event "Jakarta Japfa"]
[Site "Jakarta"]
[Date "2014.04.25"]
[Round "9"]
[White "Farid, Firman Syah"]
[Black "Atalik, Suat"]
[Result "0-1"]
[WhiteElo "2392"]
[BlackElo "2562"]
[Annotator "Atalik,S"]
[PlyCount "74"]
[EventDate "2014.04.20"]
[EventType "tourn"]
[EventRounds "9"]
[EventCountry "INA"]
[EventCategory "8"]
[SourceTitle "CBM 161"]
[Source "ChessBase"]
[SourceDate "2014.07.16"]
[SourceVersion "1"]
[SourceVersionDate "2014.07.16"]
[SourceQuality "1"]

1. d4 Nf6 2. c4 e6 3. Nf3 c5 4. Nc3 {Refusing the Benoni in this important
last round encounter Farid brought the game into a different opening.} cxd4 5.
Nxd4 Bb4 6. Bd2 $6 ({Academically the best is to play the Nimzo-Indian with} 6.
g3) 6... O-O 7. e3 (7. a3 Be7) 7... Nc6 8. a3 Be7 9. Be2 b6 (9... Ne5 10. f4) (
9... d5 10. cxd5 (10. Nxc6 bxc6 11. O-O) 10... Nxd4 11. exd4 Nxd5 $11) (9... d6
10. O-O Bd7 $14) 10. O-O {I was relieved after this.} ({Of course once Smyslov
went for the symmetrical} 10. Nxc6 $142 dxc6) 10... Bb7 $15 (10... Nxd4 $6 11.
exd4 Bb7 12. b4 $14) 11. Be1 $5 {White's bishop stands on his way.} Rc8 12.
Ndb5 d6 13. Bf3 Qd7 14. Na4 Ne5 $1 ({There is no need to risk} 14... Rfd8 15.
Nxa7 Nxa7 16. Nxb6 Qc7 17. Nxc8 Rxc8 $13) 15. Bxb7 Qxb7 {I was cooking a
beautiful combination.} 16. b3 (16. Nxd6 Bxd6 17. Qxd6 {with} Nfg4 $3 (17...
Nxc4 18. Qd3 Rfd8 19. Qe2) 18. Rd1 (18. Bb4 Rfd8) (18. Qd1 Qc7 19. g3 Qc6) (18.
b3 Rfd8 19. Qb4 Nf3+ 20. gxf3 Ne5 21. Bc3 Nxf3+ 22. Kh1 Rd3 $40) 18... Rc6 19.
Qd8 f6 $1 $19) 16... Rfd8 17. f4 a6 {Being annoyed by f5 in many lines, I
chose a different way.} (17... Ned7 18. f5) (17... Nc6 18. f5) (17... Neg4 18.
Qf3 Qxf3 19. Rxf3 $132) 18. Nd4 Nc6 19. Qf3 d5 20. Ne2 $1 b5 (20... Na5 $5 21.
Bxa5 bxa5 22. Nd4 $132) (20... dxc4 21. bxc4 b5 22. cxb5 axb5 23. Nac3 Qa6 24.
Rb1 Qxa3 25. Nxb5 Qd3 $17) 21. cxd5 Nxd5 $6 {A strange choice.} (21... Rxd5
$142 22. Nac3 Rd3 $17 {looks even better than the game.}) (21... exd5 22. Nac3
Bc5 23. b4 Bb6 $15) (21... bxa4 22. dxc6 Qxc6 23. Qxc6 Rxc6 24. Nd4 $15) 22.
Nac3 Nf6 23. b4 Rd3 24. Rd1 ({The rook is safe on d3 because of the simple
tactics.} 24. Nd4 Qd7 25. Qe2 $140 $2 (25. Nxc6 Qxc6 $1) 25... Nxd4 26. Qxd3
Nf3+ $19) (24. Nc1 $142 Rd7 25. Nb3 $15) 24... Rxd1 25. Nxd1 Nd8 26. Ndc3 Qxf3
27. gxf3 $1 {This is the best recapture, strengthening the e4-square.} (27.
Rxf3 Rc4) 27... Ne8 $5 (27... Nd7 28. e4 Nb6 29. Bf2 Nc4 {is another way to
use the c4-square.}) 28. e4 Nd6 29. Bf2 Nc4 30. Ra1 Nc6 31. Nd1 (31. a4 bxa4)
31... a5 $2 {Too optimistic!} (31... Bf6 $6 32. Ra2 (32. e5 Bd8) 32... Rd8 33.
Ne3 Rd2 34. Rxd2 Nxd2 35. e5 Bd8 36. Kg2 $15) (31... Rd8 $1 32. Ne3 Nxe3 33.
Bxe3 Rd3 34. Kf2 f5 $17) 32. a4 $1 {Good or bad this is the only choice for
White.} (32. bxa5 N6xa5 (32... Ra8 33. a4 Rxa5) 33. Ndc3 Nb3 34. Rb1 Ncd2 35.
Rd1 Nxf3+ 36. Kg2 Nfd2 37. e5 b4 38. axb4 Bxb4 39. Nb5 $17) 32... axb4 (32...
Nxb4 33. axb5 Nd3 34. Ba7 $1 $13) (32... Bxb4 $6 33. axb5 Ne7 $13) 33. axb5
N6a5 34. Ne3 $2 $138 {A big tempo loss which decides the game.} (34. Nd4 b3 35.
Ra4 $13 {and it is not clear who is better and why.}) (34. b6 Rb8 35. Nb2 $5
Na3 $16) 34... b3 35. Nd1 Ba3 ({This time I did not blunder my passer with} 
35... b2 $4 36. Nxb2 $18) 36. Nec3 (36. Nd4 b2 37. Rb1 Nd2 $19) 36... b2 37.
Ra2 Rd8 $1 {White loses by force after this simple coup de gråce.} (37... Rd8
$1 38. Nxb2 (38. Ne3 Rd3 $1 (38... Nxe3 $2 39. Bxe3 Rd3 40. Rxa3 Rxc3 41. Rxc3
b1=Q+ 42. Rc1) 39. Nb1 (39. Nxc4 Nxc4 $19) 39... Nxe3 40. Bxe3 Rd1+ 41. Kg2
Rxb1 42. Rxa3 Ra1 43. Rc3 h5 $19) 38... Bxb2 39. Na4 Bd4 $19) 0-1

[Event "Bundesliga 0203"]
[Site "Germany"]
[Date "2003.03.29"]
[Round "14.7"]
[White "Graf, Alexander"]
[Black "Schmaltz, Roland"]
[Result "1-0"]
[WhiteElo "2635"]
[BlackElo "2529"]
[Annotator "Atlas,V"]
[PlyCount "47"]
[EventDate "2002.10.19"]
[EventType "team-tourn"]
[EventRounds "15"]
[EventCountry "GER"]
[SourceTitle "CBM 095"]
[Source "ChessBase"]
[SourceDate "2003.07.25"]
[SourceVersion "1"]
[SourceVersionDate "2003.07.25"]
[SourceQuality "1"]
[WhiteTeam "Porz"]
[BlackTeam "Baden Oos"]
[WhiteTeamCountry "GER"]
[BlackTeamCountry "GER"]

1. d4 Nf6 2. c4 e6 3. g3 c5 4. Nf3 cxd4 5. Nxd4 Qc7 6. Nc3 a6 7. Bg2 Qxc4 8.
O-O Qc7 9. Bg5 Nc6 10. Rc1 Be7 11. e3 O-O 12. Ne4 Qd8 13. Nxf6+ Bxf6 14. Bxf6
Qxf6 15. Qd2 Nxd4 16. Qxd4 Qxd4 17. exd4 d5 18. Rc7 Rd8 19. Rfc1 Kf8 20. Bf1
Rb8 21. R1c3 Bd7 22. Rb3 b5 23. Rbc3 Rbc8 $4 ({A terrible blunder. After} 23...
Ke7 {Black has good counterchances.}) {[%tqu "En","Black's attempt to exchange
rooks looks reasonable, but in fact it's a very bad slip. How to punish Black
for it?","Exploit the shaky position of the c8-rook.","Use the c7-rook for the
decisive blow!","c7d7","Of course! This move wins on the spot.",3]} 24. Rxd7 $1
{[%csl Rc8,Rd8,Rf8][%cal Gc3c8,Gd7d8]} (24. Rxd7 $1 {A convincing refutation.
White wins a piece and the game.} Rxc3 (24... Rxd7 25. Rxc8+) 25. Rxd8+ Ke7 26.
bxc3) 1-0